1834 1705 1709 1177 1274 1275 1344 1657 1574 1875 1476 1887 1801 2000 1791 1957 1159 1257 1489 1930 1621 1613 1289 1877 1206 1427 1219 1108 1065 1935 1346 1481 1554 1373 1173 1805 1507 1761 1688 1659 1389 1576 1400 1628 1793 1322 1455 1643 1542 1050 1319 1510 1274 1622 1909 1856 1367 1907 1117 1233 1097 1047 1359 1560 1707 1616 1467 1852 1397 1703 1755 1604 1991 1890 1045 1017 1680 1695 1756 1940 1867 1489 1682 1074 1814 1385 1335 1691 1500 1433 1705 1688 1515 1423 1639 1734 1918 1839 1563 BCNSPRNW ULIB Ver.6.0+V

เปลี่ยนเป็นภาษาไทย

Change to English
 แสดงรายละเอียดบรรณานุกรม
  กลับหน้าหลัก

Brief Record : Get Marc (ISO 2709) : E-mail record : QR code < ปิดหน้าต่าง
LEADER : 00000nam 2200000uu 4500
001    13399112549
003     ULIB
008    110824s2554||||th 000 0 tha d
020    9786165020749
090    นว.^bจ195 2554
100 0  จอมจินดา
245 00 พรหมพยศกบฎหัวใจ/^cจอมจินดา
250    พิมพ์ครั้งที่ 1
260    กรุงเทพฯ :^bSubar Beat,^c2554
300    327 หน้า
945    ^p220^l0^i18518
995    กัณชพร
999    ^aใช้งานได้ทุกระบบ
รายการนี้ยังไม่มีแท็ก
คุณยังไม่ได้ล็อกอิน คุณสามารถมีกิจกรรมร่วมกับเว็บไซต์ได้ แต่ต้องล็อกอินก่อน ::
  ล็อกอิน

รายการสื่อสารสนเทศ

ลำดับที่ ประเภท เลขเรียก/บาร์โค้ด สถานที่ สถานะ
1. นวนิยาย
นวนิยาย
นว. จ195 2554  
  Barcode: 18518
ห้องสมุดวิทยาเขตสวรรค์ประชารักษ์
►นวนิยาย
บนชั้น
  ขอยืม

รายการใกล้เคียง
    ผู้แต่ง [จอมจินดา]

BibComment


ยังไม่เคยถูกคอมเมนท์

คอมเมนท์ทรัพยากรรายการนี้
  คอมเมนท์: พรหมพยศกบฎหัวใจ จ..


 Copyright 2026. Bcnsprnw @Library